| 000 | 00425nam a22001457a 4500 | ||
|---|---|---|---|
| 003 | SGT | ||
| 082 |
_a615 _bD20Y |
||
| 100 | _aYADAV, DINESH KUMAR | ||
| 245 | _aDRUG PRESCRIBING PATTERN OF ANTIMICROBIAL AGENTS USED IN MEDICAL INTENSIVE CARE UNIT (ICU) PATIENTS OF TERITARY CARE TEACHING HOSPITAL | ||
| 260 |
_aGURUGRAM _bSGT UNIVERSITY _c2020 |
||
| 300 | _a101 | ||
| 650 | _aPHARMACOLOGY | ||
| 653 | _aM.D. | ||
| 942 |
_2ddc _cTH |
||
| 999 |
_c26540 _d26540 |
||